| 000 | 00000nam##2200000za#4500 |
| 001 | 9.641798 |
| 003 | CaOODSP |
| 005 | 20210624223407 |
| 007 | cr ||||||||||| |
| 008 | 150407|1954||||xxc|||||o f|0| 0 fre|d |
| 040 | |aCaOODSP|bfre |
| 043 | |an-cn--- |
| 086 | 1 |aA22-565/1925F-PDF |
| 110 | 1 |aCanada.|bAgriculture Canada. |bFermes expérimentales fédérales. |
| 245 | 10|aLes fermes expérimentales fédérales : |h[ressource électronique]|bsystème de stations agronomiques maintenues par le gouvernement fédéral, et qui, par l'étude des problèmes agricoles, peut rendre des services constants aux cultivateurs canadiens |
| 260 | |aOttawa - Ontario : |bAgriculture Canada. |c1925. |
| 590 | |a13-17-Supp|b2013-07-25 |
| 691 | 07|aAgriculture|2gcpds |
| 691 | 07|aExploitation agricole|2gcpds |
| 691 | 07|aRecherche scientifique|2gcpds |
| 691 | 07|aTerre agricole|2gcpds |
| 775 | 08|tThe Dominion experimental farms : |w(CaOODSP)9.697405 |
| 856 | 40|ahttp://publications.gc.ca|qPDF|s13.52 Mo|uhttps://publications.gc.ca/collections/collection_2013/aac-aafc/agrhist/A22-565-1925-fra.pdf |